Historic Houses Hotels Ltd v Cadogan Estates (Record no. 53008)

MARC details
000 -LEADER
fixed length control field 01323cab a2200253 4500
001 - CONTROL NUMBER
control field ABS52552
008 - FIXED-LENGTH DATA ELEMENTS--GENERAL INFORMATION
fixed length control field 090401t1995 xxu||||| |||| 00| 0 eng d
035 ## - SYSTEM CONTROL NUMBER
System control number (Sirsi) u84346
041 ## - LANGUAGE CODE
Language code of text/sound track or separate title eng
245 ## - TITLE STATEMENT
Title Historic Houses Hotels Ltd v Cadogan Estates
260 ## - PUBLICATION, DISTRIBUTION, ETC.
Date of publication, distribution, etc. 1995
350 ## - PRICE (NR) (BK AM CF MU VM SE) [OBSOLETE]
Price 0
490 ## - SERIES STATEMENT
Series statement Estates Gazette
Volume/sequential designation (1995) 11 EG 140-141(2)
520 ## - SUMMARY, ETC.
Summary, etc. CA 28 July 1994. H held a 60-year lease on a hotel, subject to five yearly rent reviews. Any improvements made by H were to be disregarded, other than those made for which there was obligation, sole expense and C`s consent. Such repairs were undertaken and a lessor`s licence granted, but with the covenant that the lease terms would be applicable as if the hotel was in its unaltered state. Dispute at rent review led C to contend in the ChD that it must be assumed that the hotel was first demised in its present altered state and that the disregard in the rent review clause should be excluded. C lost at first instance and appealed. Appeal dismissed.
650 ## - SUBJECT ADDED ENTRY--TOPICAL TERM
Topical term or geographic name entry element ALTERATIONS
650 ## - SUBJECT ADDED ENTRY--TOPICAL TERM
Topical term or geographic name entry element CADOGAN HOTEL
650 ## - SUBJECT ADDED ENTRY--TOPICAL TERM
Topical term or geographic name entry element DISREGARDS
650 ## - SUBJECT ADDED ENTRY--TOPICAL TERM
Topical term or geographic name entry element HISTORIC HOUSES HOTELS LTD V CADOGAN ESTATES
650 ## - SUBJECT ADDED ENTRY--TOPICAL TERM
Topical term or geographic name entry element RENT REVIEWS
650 ## - SUBJECT ADDED ENTRY--TOPICAL TERM
Topical term or geographic name entry element TENANTS IMPROVEMENTS
690 ## - LOCAL SUBJECT ADDED ENTRY--TOPICAL TERM (OCLC, RLIN)
Topical term or geographic name as entry element LANDLORD AND TENANT-CASE LAW-RENT REVIEWS
942 ## - ADDED ENTRY ELEMENTS (KOHA)
Suppress in OPAC 0
948 ## - LOCAL PROCESSING INFORMATION (OCLC); SERIES PART DESIGNATOR (RLIN)
c (OCLC) 04/03/1997
Holdings
Withdrawn status Lost status Source of classification or shelving scheme Damaged status Not for loan Home library Current library Shelving location Date acquired Total Checkouts Full call number Barcode Date last seen Copy number Price effective from Koha item type
    Dewey Decimal Classification     London London Journal article 14/09/1999   ABS52552 84346-1001 06/08/2019 1 06/08/2019 Law report